000 00611nam a2200241Ia 4500
003 OSt
005 20250718102133.0
008 210210b2015 xxu||||| |||| 00| 0 eng d
020 _a9788126133970
040 _cAL
041 _aeng
082 _a338.4791 CHAT
100 _aMohinder Chand
_9183465
245 _aTravel agency management
_b: An Introductory Text Ed 2
250 _a2
260 _aNew Delhi
_bAnmol Publications Pvt Ltd
_c2015
300 _axvi,299p
650 _aTravel
_9183466
650 _amanagement:
_9183468
690 _aTourism
_9183472
906 _a072300
942 _2ddc
_cBK
999 _c122170
_d122170